000 00284nam a22001097a 4500
008 170117b xxu||||| |||| 00| 0 eng d
020 _a9780834211704
041 _aeng
080 _a618.2
245 _aNURSING CARE OF THE GENERAL PEDIATRIC SURGICAL PATIENT
_cWISE, B.V
942 _2udc
_cBK
999 _c3030
_d3030